| 000 | 00410nab a2200145Ia 4500 | ||
|---|---|---|---|
| 003 | ES-SlBCS | ||
| 005 | 20210601141229.0 | ||
| 008 | 140529s1994 xxu||||| |||| 00| 0 spa d | ||
| 041 | _aspa | ||
| 100 | 1 |
_aSquella, Agustín _9216742 |
|
| 245 | 0 | 0 |
_aEl derecho y la fuerza _c Agustín Squella |
| 650 | 0 | 4 |
_aDerecho-Fuerza _9253311 |
| 773 | 0 |
_tDoxa _gvol. II, nº. 15-16, 1994, págs. 805-814 _wRev169 |
|
| 942 | _cAR | ||
| 999 |
_c657373 _d657373 |
||